Rural Sociology (Record no. 9600)

MARC details
000 -LEADER
fixed length control field 00448cam a2200193ua 4500
001 - CONTROL NUMBER
control field 10638
005 - DATE AND TIME OF LATEST TRANSACTION
control field 20260515114638.0
008 - FIXED-LENGTH DATA ELEMENTS--GENERAL INFORMATION
fixed length control field 190323n ii |||gr||||Z||||||eng
020 ## - INTERNATIONAL STANDARD BOOK NUMBER
International Standard Book Number 9788170335221
040 ## - CATALOGING SOURCE
Transcribing agency MAIN
082 ## - DEWEY DECIMAL CLASSIFICATION NUMBER
Classification number 307.7
100 ## - MAIN ENTRY--PERSONAL NAME
Personal name S L Doshi,
Relator term Author.
245 ## - TITLE STATEMENT
Title Rural Sociology
260 ## - PUBLICATION, DISTRIBUTION, ETC.
Place of publication, distribution, etc. Jaipur:
Name of publisher, distributor, etc. Rawat publications,
Date of publication, distribution, etc. 2016.
300 ## - PHYSICAL DESCRIPTION
Extent 365p.
653 ## - INDEX TERM--UNCONTROLLED
Uncontrolled term Communities
700 ## - ADDED ENTRY--PERSONAL NAME
Personal name P C Jain,
Relator term Author.
942 ## - ADDED ENTRY ELEMENTS (KOHA)
Koha item type Books
Holdings
Withdrawn status Lost status Damaged status Not for loan Home library Current library Shelving location Date acquired Total checkouts Full call number Barcode Date last seen Copy number Price effective from Koha item type
        Naharkatiya College Library Naharkatiya College Library General stacks 09/19/2020   307.7Rural sociology | DOS 25425 09/19/2020 1 09/19/2020 Books